Sombras verdes, ballena blanca

Relato ficticio sobre la vida de Ray Bradbury, de su viaje a Irlanda en 1953, donde trabajó en el guión de la película Moby Dick, de John Huston. Esta memoria literaturizada es el testimonio inquietante de un hombre ante una sociedad que le sorprende continuamente, llena de historias increíbles, de...

Fuld beskrivelse

Guardado en:
Bibliografiske detaljer
Hovedforfatter: Bradbury, Ray
Format: Bog
Sprog:Undetermined
Udgivet: Buenos Aires, Argentina Emecé 1993
Fag:
Tags: Tilføj Tag
Ingen Tags, Vær først til at tagge denne postø!

MARC

LEADER 00000nam a2200000Ia 4500
008 170316s9999 xx 000 0 und d
040 |a cru BVZT 
090 |a 810 B-18s 
100 |a Bradbury, Ray  |9 735 
245 |a Sombras verdes, ballena blanca  |c  / Ray Bradbury 
260 |a Buenos Aires, Argentina  |b Emecé  |c 1993 
300 |a 319 páginas 
520 |a Relato ficticio sobre la vida de Ray Bradbury, de su viaje a Irlanda en 1953, donde trabajó en el guión de la película Moby Dick, de John Huston. Esta memoria literaturizada es el testimonio inquietante de un hombre ante una sociedad que le sorprende continuamente, llena de historias increíbles, de situaciones cómicas que se mezclan con descripciones de su entorno y de un pensamiento romántico. 
650 |a LITERATURA ESTADOUNIDENSE  |9 25 
650 |a EN IDIOMA ESPAÑOL  |9 562 
650 |a RELATO FICTICIO  |9 736 
999 |c 5445  |d 5445 
942 |c 15 D  |h 810 B-18s  |2 z